Learning to listen Making sense of spoken English. Student book 3
Đã lưu trong:
| 主要作者: | |
|---|---|
| 格式: | 圖書 |
| 語言: | English |
| 出版: |
New York
Macmillan
2003
|
| 主題: | |
| 標簽: |
添加標簽
沒有標簽, 成為第一個標記此記錄!
|
| Thư viện lưu trữ: | Trung tâm Học liệu Lê Vũ Hùng, Trường Đại học Đồng Tháp |
|---|
| LEADER | 01418pam a22003138a 4500 | ||
|---|---|---|---|
| 001 | 00030283 | ||
| 005 | 20171026081022.0 | ||
| 008 | 130108s2003 ||||||engsd | ||
| 020 | # | # | |a 9780333988916 |
| 041 | 0 | # | |a eng |
| 082 | 1 | 4 | |a 428 |b L200T |
| 100 | 1 | # | |a Lougheed, Lin |
| 245 | 1 | 0 | |a Learning to listen |c Lin Lougheed |b Making sense of spoken English. Student book 3 |
| 260 | # | # | |a New York |b Macmillan |c 2003 |
| 300 | # | # | |a 79 p. |b ill. |c 26 cm |
| 500 | # | # | |a Includes TOEIC C- style listening practice |
| 653 | # | # | |a Kỹ năng nghe |
| 653 | # | # | |a Luyện thi |
| 653 | # | # | |a Tiếng Anh |
| 852 | # | # | |b Kho giáo trình |j KGT.0035483, KGT.0035455, KGT.0035456, KGT.0035457, KGT.0035458, KGT.0035475, KGT.0035476, KGT.0035477, KGT.0035478, KGT.0035479, KGT.0035480, KGT.0035481, KGT.0035482, KGT.0035549, KGT.0035550, KGT.0035484, KGT.0035485, KGT.0035486, KGT.0035487, KGT.0035488 |
| 852 | # | # | |b Kho mượn |j KGT.0035483 |
| 852 | # | # | |b Kho đọc |j KD.0014312 |
| 852 | # | # | |j KGT.0035477 |j KGT.0035478 |j KGT.0035480 |j KGT.0035481 |j KGT.0035549 |j KGT.0035486 |j KGT.0035488 |j KGT.0035455 |j KGT.0035457 |j KGT.0035458 |j KD.0014312 |j KGT.0035476 |j KGT.0035483 |j KGT.0035484 |j KGT.0035456 |j KGT.0035475 |j KGT.0035479 |j KGT.0035482 |j KGT.0035485 |j KGT.0035487 |j KGT.0035550 |
| 910 | 0 | # | |d 08/01/2013 |
| 980 | # | # | |a Trung tâm Học liệu Lê Vũ Hùng, Trường Đại học Đồng Tháp |


